Preach the word. (Record no. 11547)

000 -LEADER
fixed length control field 00645nam a2200193 a 4500
001 - CONTROL NUMBER
control field :::00009346$&:&@@
003 - CONTROL NUMBER IDENTIFIER
control field OkBaRHE
005 - DATE AND TIME OF LATEST TRANSACTION
control field 20000607103350.0
008 - FIXED-LENGTH DATA ELEMENTS--GENERAL INFORMATION
fixed length control field s1947 j 000 0 eng u
040 ## - CATALOGING SOURCE
Transcribing agency
100 1# - MAIN ENTRY--PERSONAL NAME
Personal name Smith, Roy Lemon, 1887-1963.
245 10 - TITLE STATEMENT
Title Preach the word.
260 ## - PUBLICATION, DISTRIBUTION, ETC. (IMPRINT)
Place of publication, distribution, etc New York, NY., :
Name of publisher, distributor, etc Abingdon-Cokesbury Press
Date of publication, distribution, etc c1947
300 ## - PHYSICAL DESCRIPTION
Extent 128 p. ;
Dimensions 20 cm.
490 0# - SERIES STATEMENT
Series statement The first annual Peyton lectures, Perkins school of theology, Southern Methodist university
650 ## - SUBJECT ADDED ENTRY--TOPICAL TERM
Topical term or geographic name as entry element Preaching
942 ## - ADDED ENTRY ELEMENTS (KOHA)
Source of classification or shelving scheme
Koha item type Books
Copies
Barcode Shelving location Koha item type Damaged status Lost status Date last seen Date acquired Price effective from Source of classification or shelving scheme Not for loan Copy number Withdrawn status Full call number Permanent Location
9346General StacksBooks  2010-04-142010-04-142010-04-14  1 BV 4211 .S62RHEMA Bible Training College